Sports Quiz

Random Sports or World Quiz
Score 0/144 Timer 14:00
0 Plays Today
Event Opponents & Partners % Correct
***** NWA Jim Crockett Sr. Memorial Cup '87 Day 2 - World Heavyweight TitleRic Flair
99.2%
****¾ NWA Clash of the Champions - World Heavyweight TitleRic Flair
99.2%
**** NWA Clash of the Champions IV - TagRic Flair
99.2%
****¼ MACW Superstars on the Superstation - NWA World Heavyweight TitleRic Flair
99.2%
***** NWA Battle of the Belts II - World Heavyweight TitleRic Flair
99.2%
***** MACW Fayetteville Show 01/20/87 - NWA World Heavyweight TitleRic Flair
99.2%
****½ NWA Starrcade '88 - World Heavyweight TitleRic Flair
99.2%
**** NWA World Championship Wrestling - TagRic Flair
99.2%
***** NWA Chi-Town Rumble - World Heavyweight TitleRic Flair
99.2%
****** NWA Landover Show 03/18/89 - World Heavyweight TitleRic Flair
99.2%
***** NWA Clash of the Champions VI - 2 out of 3 Falls for the World Heavyweight TitleRic Flair
99.2%
***** NWA WrestleWar '89 - World Heavyweight TitleRic Flair
99.2%
*****½ NWA The Great American Bash '89 - World Heavyweight TitleRic Flair
99.2%
****¼ NWA Clash of the Champions VIII - TagRic Flair
99.2%
**** NWA Halloween Havoc '89 - 'Thunderdome' TagRic Flair
99.2%
***** NWA Clash of the Champions IX - I QuitRic Flair
99.2%
****¼ NWA Starrcade '89 - Iron Man Singles Tournament FinalRic Flair
99.2%
****½ NWA World Championship Wrestling - SinglesRic Flair
99.2%
****½ NWA World Championship Wrestling - TagRic Flair
99.2%
****½ NWA WrestleWar '90 - World Heavyweight TitleRic Flair
99.2%
****¼ NWA Richmond Show 11/28/86 - TagRic Flair
99.2%
****¼ NWA Richmond Show 12/28/86 - TagRic Flair
99.2%
**** NWA Starrcade '86 - World Heavyweight TitleRic Flair
99.2%
***** NWA The Great American Bash '87 Day 27 - WarGamesRic Flair
99.2%
****¼ NWA Richmond Show 12/28/86 - TagDusty Rhodes
93.3%
****¼ NWA Richmond Show 11/28/86 - TagDusty Rhodes
93.3%
**** NWA/UWF Western States Heritage Title Tournament - Bunkhouse Tornado TagDusty Rhodes
93.3%
***** NWA The Great American Bash '87 Day 27 - WarGamesDusty Rhodes
93.3%
***** NWA The Great American Bash '87 Day 27 - WarGamesArn Anderson
92.9%
**** NWA Inglewood Show 01/29/87 - SinglesArn Anderson
92.9%
****¼ NWA Jim Crockett Sr. Memorial Cup '86 - Second RoundArn Anderson
92.7%
****¼ NWA Starrcade '86 - Steel Cage Match for the World Tag TitlesArn Anderson
92.7%
****½ NWA World Championship Wrestling - TagArn Anderson
92.7%
**** NWA Starrcade '90 - Street Fight for the World Tag TitlesArn Anderson
92.7%
****¾ NWA Clash of the Champions - World Heavyweight TitleSting
92.5%
**** NWA Power Hour 08/15/89 - World Television TitleSting
92.5%
****¼ NWA Clash of the Champions VIII - TagSting
92.5%
**** NWA Halloween Havoc '89 - 'Thunderdome' TagSting
92.5%
****¼ NWA Starrcade '89 - Iron Man Singles Tournament FinalSting
92.5%
****¼ NWA Starrcade '84 - Television TitleRicky Steamboat
92.1%
**** NWA World Championship Wrestling - TagRicky Steamboat
92.1%
***** NWA Chi-Town Rumble - World Heavyweight TitleRicky Steamboat
92.1%
****** NWA Landover Show 03/18/89 - World Heavyweight TitleRicky Steamboat
92.1%
***** NWA Clash of the Champions VI - 2 out of 3 Falls for the World Heavyweight TitleRicky Steamboat
92.1%
***** NWA WrestleWar '89 - World Heavyweight TitleRicky Steamboat
92.1%
****¼ NWA Clash of the Champions VII - SinglesRicky Steamboat
92.1%
****¼ NWA The Great American Bash '89 - United States Heavyweight TitleRicky Steamboat
92.1%
****¼ NWA Starrcade '86 - Steel Cage Match for the World Tag TitlesOle Anderson
91.5%
Event Opponents & Partners % Correct
****¼ NWA Richmond Show 11/28/86 - TagTully Blanchard
91.1%
****¼ NWA Richmond Show 12/28/86 - TagTully Blanchard
91.1%
***** NWA The Great American Bash '87 Day 27 - WarGamesTully Blanchard
91.1%
****¼ NWA Starrcade '84 - Television TitleTully Blanchard
90.7%
****¼ NWA Jim Crockett Sr. Memorial Cup '86 - Second RoundTully Blanchard
90.7%
****½ NWA Starrcade '88 - World Heavyweight TitleLex Luger
87.3%
****¼ NWA The Great American Bash '89 - United States Heavyweight TitleLex Luger
87.3%
**** NWA Clash of the Champions VIII - United States Heavyweight TitleLex Luger
87.3%
****½ NWA WrestleWar '90 - World Heavyweight TitleLex Luger
87.3%
***** NWA The Great American Bash '87 Day 27 - WarGamesRoad Warrior Hawk
86%
***** NWA The Great American Bash '87 Day 27 - WarGamesRoad Warrior Animal
86%
**** NWA Jim Crockett Sr. Memorial Cup '87 Day 2 - Quarter FinalRoad Warrior Animal
85.5%
**** NWA Jim Crockett Sr. Memorial Cup '87 Day 2 - Quarter FinalRoad Warrior Hawk
85.5%
**** NWA The Great American Bash '89 - WarGamesRoad Warrior Animal
85.5%
**** NWA The Great American Bash '89 - WarGamesRoad Warrior Hawk
85.5%
***** NWA The Great American Bash '87 Day 27 - WarGamesLex Luger
84.3%
****¼ NWA Starrcade '86 - Steel Cage Match for the World Tag TitlesRicky Morton
80.2%
****½ NWA World Championship Wrestling - TagRicky Morton
80.2%
****¼ NWA WrestleWar '90 - TagRicky Morton
80.2%
**** NWA Inglewood Show 01/29/87 - SinglesBarry Windham
80%
***** NWA Jim Crockett Sr. Memorial Cup '87 Day 2 - World Heavyweight TitleBarry Windham
79.8%
**** NWA Clash of the Champions IV - TagBarry Windham
79.8%
***** NWA Battle of the Belts II - World Heavyweight TitleBarry Windham
79.8%
***** MACW Fayetteville Show 01/20/87 - NWA World Heavyweight TitleBarry Windham
79.8%
**** NWA World Championship Wrestling - TagBarry Windham
79.8%
**** NWA Starrcade '90 - Street Fight for the World Tag TitlesBarry Windham
79.8%
****¼ NWA Starrcade '86 - Steel Cage Match for the World Tag TitlesRobert Gibson
77.4%
****½ NWA World Championship Wrestling - TagRobert Gibson
77.4%
****¼ NWA WrestleWar '90 - TagRobert Gibson
77.4%
****¼ NWA Clash of the Champions VII - SinglesTerry Funk
76.2%
*****½ NWA The Great American Bash '89 - World Heavyweight TitleTerry Funk
76.2%
**** NWA Halloween Havoc '89 - 'Thunderdome' TagTerry Funk
76.2%
***** NWA Clash of the Champions IX - I QuitTerry Funk
76.2%
**** NWA Jim Crockett Sr. Memorial Cup '87 Day 2 - Quarter FinalBobby Eaton
75.2%
****¼ NWA Clash of the Champions - United States Tag TitlesBobby Eaton
75.2%
**** NWA MACW Show 10/06/88 - TagBobby Eaton
75.2%
**** NWA The Great American Bash '88 - United States Tag TitlesBobby Eaton
75.2%
**** NWA Clash of the Champions IV - TagBobby Eaton
75.2%
**** NWA The Great American Bash '89 - WarGamesBobby Eaton
75.2%
****¼ NWA WrestleWar '90 - TagBobby Eaton
75.2%
****¾ NWA The Great American Bash '90 - United States Tag TitlesBobby Eaton
75.2%
**** NWA Jim Crockett Sr. Memorial Cup '87 Day 2 - Quarter FinalStan Lane
72.1%
****¼ NWA Clash of the Champions - United States Tag TitlesStan Lane
72.1%
**** NWA MACW Show 10/06/88 - TagStan Lane
72.1%
**** NWA The Great American Bash '88 - United States Tag TitlesStan Lane
72.1%
**** NWA Clash of the Champions IV - TagStan Lane
72.1%
**** NWA The Great American Bash '89 - WarGamesStan Lane
72.1%
****¼ NWA WrestleWar '90 - TagStan Lane
72.1%
Event Opponents & Partners % Correct
****¾ NWA The Great American Bash '90 - United States Tag TitlesStan Lane
72.1%
**** NWA The Great American Bash '89 - WarGamesJimmy Garvin
69.9%
****¼ MACW Superstars on the Superstation - NWA World Heavyweight TitleRon Garvin
69.7%
**** NWA Jim Crockett Sr. Memorial Cup '88 Day 2 - Quarter FinalRick Steiner
67.7%
**** NWA Starrcade '90 - Street Fight for the World Tag TitlesRon Simmons
67.7%
***** NWA The Great American Bash '87 Day 27 - WarGamesNikita Koloff
67.7%
****¼ NWA Richmond Show 12/28/86 - TagNikita Koloff
67.5%
****¼ NWA Richmond Show 11/28/86 - TagNikita Koloff
67.5%
**** NWA Starrcade '86 - World Heavyweight TitleNikita Koloff
67.5%
**** NWA The Great American Bash '89 - WarGamesMichael Hayes
67.1%
**** NWA Power Hour 08/15/89 - World Television TitleThe Great Muta
63.8%
****¼ NWA Clash of the Champions VIII - TagThe Great Muta
63.8%
**** NWA Halloween Havoc '89 - 'Thunderdome' TagThe Great Muta
63.8%
**** NWA The Great American Bash '89 - WarGamesTerry Gordy
59.6%
**** NWA Starrcade '90 - Street Fight for the World Tag TitlesButch Reed
58.8%
***** NWA Jim Crockett Sr. Memorial Cup '86 - Quarter FinalSheepherder Luke
58.4%
****½ NWA World Championship Wrestling - SinglesBrian Pillman
57.2%
**** NWA/UWF Western States Heritage Title Tournament - Bunkhouse Tornado TagSteve Williams
56.3%
**** NWA The Great American Bash '89 - WarGamesSteve Williams
56%
***** NWA Jim Crockett Sr. Memorial Cup '86 - Quarter FinalSheepherder Butch
51.1%
****¼ NWA Clash of the Champions - United States Tag TitlesTommy Rogers
50.9%
**** NWA Jim Crockett Sr. Memorial Cup '88 Day 2 - Quarter FinalTommy Rogers
50.9%
**** NWA MACW Show 10/06/88 - TagTommy Rogers
50.9%
**** NWA The Great American Bash '88 - United States Tag TitlesTommy Rogers
50.9%
***** NWA Jim Crockett Sr. Memorial Cup '86 - Quarter FinalTommy Rogers
50.9%
****¼ NWA Jim Crockett Sr. Memorial Cup '86 - Second RoundTommy Rogers
50.9%
***** NWA The Great American Bash '87 Day 27 - WarGamesPaul Ellering
50%
****¼ NWA Clash of the Champions - United States Tag TitlesBobby Fulton
45.3%
**** NWA Jim Crockett Sr. Memorial Cup '88 Day 2 - Quarter FinalBobby Fulton
45.3%
**** NWA MACW Show 10/06/88 - TagBobby Fulton
45.3%
**** NWA The Great American Bash '88 - United States Tag TitlesBobby Fulton
45.3%
****¼ NWA Jim Crockett Sr. Memorial Cup '86 - Second RoundBobby Fulton
45.3%
***** NWA Jim Crockett Sr. Memorial Cup '86 - Quarter FinalBobby Fulton
45.3%
**** NWA Jim Crockett Sr. Memorial Cup '88 Day 2 - Quarter FinalMike Rotunda
41.8%
**** NWA The Great American Bash '89 - WarGamesSamu
36.2%
**** NWA The Great American Bash '89 - WarGamesFatu
36.2%
****¾ NWA The Great American Bash '90 - United States Tag TitlesSteve Armstrong
36%
**** NWA Lincoln Show 08/05/94 - SinglesChris Benoit
35.4%
****¼ NWA Lima Show 08/07/94 - SinglesChris Benoit
35.4%
****¾ NWA The Great American Bash '90 - United States Tag TitlesTracy Smothers
33.3%
***** NWA The Great American Bash '87 Day 27 - WarGamesThe War Machine
29.3%
**** NWA Lincoln Show 08/05/94 - SinglesSabu
29.2%
****¼ NWA Clash of the Champions VIII - TagDick Slater
28.9%
**** NWA/UWF Western States Heritage Title Tournament - Bunkhouse Tornado TagEddie Gilbert
27.2%
****¼ NWA Lima Show 08/07/94 - SinglesAl Snow
27.1%
**** NWA World Championship Wrestling - TagEddie Gilbert
27.1%
**** NWA Clash of the Champions VIII - United States Heavyweight TitleTommy Rich
26.1%
**** NWA/UWF Western States Heritage Title Tournament - Bunkhouse Tornado TagDick Murdoch
18.9%

You're not logged in!

Compare scores with friends on all Sporcle quizzes.
OR
Log In

Sporcle TV

Today on Sporcle TV


Watch our educational content, quiz creation guides, and fun videos on Sporcle TV.

Show Comments

Extras

Top Quizzes Today


Score Distribution

Paid Content

Your Account Isn't Verified!

In order to create a playlist on Sporcle, you need to verify the email address you used during registration. Go to your Sporcle Settings to finish the process.

Report this User

Report this user for behavior that violates our Community Guidelines.

Details: